000
00294nam a2200121Ia 4500
008
190216s9999||||xx |||||||||||||| ||und||
100
_a
Singh R S
245
0
_a
Introduction To Principles Of Plant Pathology
260
_b
Oxford & I B H
_c
1984
300
_a
534p
650
_a
Botany
942
_c
BK
999
_c
1450
_d
1450